Международные коммуникативные форматы и стандарты: учебное пособие

Dettagli Bibliografici
Autore principale: Лобанова Э. Ш.
Enti autori: Московский государственный университет культуры и искусств (МГУКИ), Государственная публичная научно-техническая библиотека России (ГПНТБ России)
Altri autori: Фролова Е. Е.
Riassunto:В рамках учебного курса «Информационное обеспечение автоматизированных информационных систем» предусмотрено несколько тематических разделов, в том числе «Международные коммуникативные форматы и стандарты». Задача данного пособия - дать представление о машиночитаемой каталогизации и о ее преимуществах перед традиционной, ознакомить с ведущими международными MARC-форматами и стандартами, регламентирующими их структуру. Настоящий раздел рассчитан на 65 часов и включает лекции и практические занятия.
Lingua:russo
Pubblicazione: Москва, ГПНТБ, 2007
Soggetti:
Natura: MixedMaterials Libro
KOHA link:https://koha.lib.tpu.ru/cgi-bin/koha/opac-detail.pl?biblionumber=143632

MARC

LEADER 00000nam0a2200000 4500
001 143632
005 20231101221037.0
035 |a (RuTPU)RU\TPU\book\155655 
090 |a 143632 
100 |a 20080922d2007 m y0rusy50 ca 
101 0 |a rus 
102 |a RU 
105 |a y j 000zy 
200 1 |a Международные коммуникативные форматы и стандарты  |e учебное пособие  |f Э. Ш. Лобанова, Е. Е. Фролова  |g Московский государственный университет культуры и искусств (МГУКИ) ; Государственная публичная научно-техническая библиотека России (ГПНТБ России) 
210 |a Москва  |c ГПНТБ  |d 2007 
215 |a 48 с. 
330 |a В рамках учебного курса «Информационное обеспечение автоматизированных информационных систем» предусмотрено несколько тематических разделов, в том числе «Международные коммуникативные форматы и стандарты». Задача данного пособия - дать представление о машиночитаемой каталогизации и о ее преимуществах перед традиционной, ознакомить с ведущими международными MARC-форматами и стандартами, регламентирующими их структуру. Настоящий раздел рассчитан на 65 часов и включает лекции и практические занятия. 
606 1 |a Автоматизированные библиотечные информационные системы (АБИС)  |2 stltpush  |3 (RuTPU)RU\TPU\subj\67337  |9 83180 
610 1 |a библиотеки 
610 1 |a библиотечное дело 
610 1 |a автоматизация 
610 1 |a информационные технологии 
610 1 |a коммуникативные форматы 
610 1 |a коммуникативные стандарты 
610 1 |a международные стандарты 
610 1 |a ISO-2709 
610 1 |a MARC 21 
610 1 |a UNIMARC 
610 1 |a RUSMARC 
610 1 |a учебные пособия 
686 |a Ч738я73  |v LBC/SL-A  |2 rubbk 
700 1 |a Лобанова  |b Э. Ш. 
701 1 |a Фролова  |b Е. Е. 
712 0 2 |a Московский государственный университет культуры и искусств (МГУКИ)  |2 stltpush  |3 (RuTPU)RU\TPU\col\1722 
712 0 2 |a Государственная публичная научно-техническая библиотека России (ГПНТБ России)  |c (Москва)  |2 stltpush  |3 (RuTPU)RU\TPU\col\12 
801 1 |a RU  |b 63413507  |c 20080922  |g PSBO 
801 2 |a RU  |b 63413507  |c 20220714  |g PSBO 
942 |c BK 
959 |a 73/20080716  |d 1  |e 70,00  |f НМО:1